Central Library OPAC University of Rajshahi

Occasions / (Record no. 86047)

MARC details
000 -LEADER
fixed length control field 00640nam a2200217 a 4500
001 - CONTROL NUMBER
control field 86047
003 - CONTROL NUMBER IDENTIFIER
rucl marc code BD-RjUL
005 - DATE AND TIME OF LATEST TRANSACTION
control field 20251210150648.0
008 - FIXED-LENGTH DATA ELEMENTS--GENERAL INFORMATION
fixed length control field 251210s1970 enk||||| |||| 00| 0 eng d
035 ## - SYSTEM CONTROL NUMBER
System control number (BD-RjUL)86047
040 ## - CATALOGING SOURCE
Original cataloging agency BD-RjUL
Language of cataloging eng
Transcribing agency BD-RjUL
041 ## - LANGUAGE CODE
Language code of text/sound track or separate title eng
082 ## - DEWEY DECIMAL CLASSIFICATION NUMBER
Edition number 23
Classification number 848.91
Author mark and year VAO 1970
100 ## - MAIN ENTRY--PERSONAL NAME
Personal name Valéry, Paul
245 ## - TITLE STATEMENT
Title Occasions /
Statement of responsibility, etc. Paul Valéry,
260 ## - PUBLICATION, DISTRIBUTION, ETC. (IMPRINT)
Place of publication, distribution, etc. London :
Name of publisher, distributor, etc. Routledge & K. Paul,
Date of publication, distribution, etc. 1970
300 ## - PHYSICAL DESCRIPTION
Pagination 246 p.;
Size 21 cm.
600 ## - SUBJECT ADDED ENTRY--PERSONAL NAME
Personal name Valéry, Paul,
Dates associated with a name 1871-1945
General subdivision Translations into English
650 ## - SUBJECT ADDED ENTRY--TOPICAL TERM
Topical term or geographic name as entry element French literature
Form subdivision Criticism, interpretation, etc
9 (RLIN) 17520
942 ## - ADDED ENTRY ELEMENTS (KOHA)
Source of classification or shelving scheme Dewey Decimal Classification
Koha item type Books
Holdings
Lost status Source of classification or shelving scheme Damaged status Not for loan Collection code Permanent Location Current Location Shelving location Date acquired Source of acquisition Cost, normal purchase price Total Checkouts Full call number Date last seen Copy number Koha item type
  Dewey Decimal Classification   Not For Loan Fiction Central Library, University of Rajshahi Central Library, University of Rajshahi Reading Room 07/06/1975 Jonathan Wren & Co. 3.50   848.91 VAO 1970 10/12/2025 C-1 Books